| 000 | 00554nam a2200181 a 4500 | ||
|---|---|---|---|
| 005 | 20140412111324.0 | ||
| 008 | 010423s19uu xx 00 eng d | ||
| 020 | _a1-85830-256-0 | ||
| 050 |
_aER _bGo57 1995 |
||
| 100 | _aDe La Touche, Grace | ||
| 245 |
_aThe golden goose / _cstories re-told by Grace De La Touche; illustrated by Pam Storey. |
||
| 260 |
_aNew York : _bGrandreams Limited, _c1995. |
||
| 300 | _a1 v. (unp.) ; ill. | ||
| 440 | _aBow-Wow Books | ||
| 650 |
_aGoose _xFiction |
||
| 650 |
_aChildren's stories _xFiction |
||
| 999 |
_c104510 _d104510 |
||